Экскурсия летом в 1914 г. в Томский, Мариинский и Кузнецкий уезды для собирания материалов по народной медицине: (Краткий предварительный отчет с приложением программы для собирания материалов по вопросу о народной медицине)

Chi tiết về thư mục
Tác giả chính: Уткин Л. А. Леонид Антонович
Ngôn ngữ:Tiếng Nga
Được phát hành: Томск, Типо-литография Сибирского Т-ва Печатного Дела, 1915
Những chủ đề:
Định dạng: Sách
KOHA link:https://koha.lib.tpu.ru/cgi-bin/koha/opac-detail.pl?biblionumber=304623

MARC

LEADER 00000nam0a2200000 4500
001 304623
005 20231101010557.0
035 |a (RuTPU)RU\TPU\book\329870 
090 |a 304623 
100 |a 20150916d1915 k y0rusy50 ca 
101 0 |a rus 
102 |a RU 
105 |a y z 000zy 
200 1 |a Экскурсия летом в 1914 г. в Томский, Мариинский и Кузнецкий уезды для собирания материалов по народной медицине  |e (Краткий предварительный отчет с приложением программы для собирания материалов по вопросу о народной медицине)  |f Л. А. Уткин 
210 |a Томск  |c Типо-литография Сибирского Т-ва Печатного Дела  |d 1915 
215 |a 8 с. 
316 |5 63413507: 179635  |a С автографом автора 
317 |5 63413507: 179635  |a Поступила в НТБ в 1940 году в составе книжного собрания академика М. А. Усова. 
610 1 |a народная медицина 
610 1 |a отчеты 
610 1 |a программы 
610 1 |a дарственная надпись 
610 1 |a дары автора 
610 1 |a библиотека М. А. Усова 
675 |a 614.2  |v 4 
700 1 |a Уткин  |b Л. А.  |c русский врач  |c ботаник  |f 1884-1964  |g Леонид Антонович  |2 stltpush  |3 (RuTPU)RU\TPU\pers\23261 
801 1 |a RU  |b 63413507  |c 20150916 
801 2 |a RU  |b 63413507  |c 20150916  |g RCR 
942 |c BK